<?xml version="1.0" encoding="UTF-8"?>
<collection xmlns:xsi="http://www.w3.org/2001/XMLSchema-instance" xsi:schemaLocation="http://www.loc.gov/MARC21/slim http://www.loc.gov/standards/marcxml/schema/MARC21slim.xsd" xmlns="http://www.loc.gov/MARC21/slim">
 <record>
  <leader>00000nam a2200000 i 4500</leader>
  <controlfield tag="001">UP-1685523046124793993</controlfield>
  <controlfield tag="003">Buklod</controlfield>
  <controlfield tag="005">20231016224524.0</controlfield>
  <controlfield tag="006">m    |o  d |      </controlfield>
  <controlfield tag="007">ta</controlfield>
  <controlfield tag="008">230428s2016    enk     r   b 001 0 eng d</controlfield>
  <datafield tag="020" ind1=" " ind2=" ">
   <subfield code="a">9781783474899 (hardbound)</subfield>
  </datafield>
  <datafield tag="035" ind1=" " ind2=" ">
   <subfield code="a">19012115</subfield>
  </datafield>
  <datafield tag="040" ind1="0" ind2=" ">
   <subfield code="a">DLC</subfield>
   <subfield code="d">DLAW</subfield>
   <subfield code="e">rda</subfield>
  </datafield>
  <datafield tag="041" ind1="0" ind2=" ">
   <subfield code="a">eng</subfield>
  </datafield>
  <datafield tag="090" ind1="0" ind2="0">
   <subfield code="a">KD 3110</subfield>
   <subfield code="b">S28 2016</subfield>
  </datafield>
  <datafield tag="100" ind1="1" ind2=" ">
   <subfield code="a">Savage, Ashley</subfield>
   <subfield code="e">author.</subfield>
  </datafield>
  <datafield tag="245" ind1="1" ind2="0">
   <subfield code="a">Leaks, whistleblowing and the public interest</subfield>
   <subfield code="b">the law of unauthorised disclosures</subfield>
   <subfield code="c">Ashley Savage.</subfield>
  </datafield>
  <datafield tag="264" ind1=" " ind2="1">
   <subfield code="a">Cheltenham, United Kingdom</subfield>
   <subfield code="b">Edward Elgar Publishing</subfield>
   <subfield code="c">c2016</subfield>
  </datafield>
  <datafield tag="300" ind1=" " ind2=" ">
   <subfield code="a">xv, 282 pages</subfield>
   <subfield code="c">25 cm</subfield>
  </datafield>
  <datafield tag="336" ind1=" " ind2=" ">
   <subfield code="a">text</subfield>
   <subfield code="2">rdacontent</subfield>
  </datafield>
  <datafield tag="337" ind1=" " ind2=" ">
   <subfield code="a">unmediated</subfield>
   <subfield code="2">rdamedia</subfield>
  </datafield>
  <datafield tag="338" ind1=" " ind2=" ">
   <subfield code="a">volume</subfield>
   <subfield code="2">rdacarrier</subfield>
  </datafield>
  <datafield tag="504" ind1=" " ind2=" ">
   <subfield code="a">Includes bibliographical references (pages 272-278) and index.</subfield>
  </datafield>
  <datafield tag="505" ind1="0" ind2=" ">
   <subfield code="a">The consequences of making an unauthorised disclosure -- Protection as a journalistic source -- Legal protections for raising concerns -- Whistleblowing in the civil service -- Whistleblowing in the security and intelligence services -- Whistleblowing in the armed forces -- Final observations.</subfield>
  </datafield>
  <datafield tag="520" ind1="2" ind2=" ">
   <subfield code="a">Ashley Savage provides an in-depth treatment of the law of unauthorised disclosures in the United Kingdom. Drawing upon extensive data obtained using freedom of information as a methodology and examples from comparative jurisdictions, he considers the position of civil servants, employees of the security and intelligence services and service personnel in the armed forces.</subfield>
  </datafield>
  <datafield tag="650" ind1=" " ind2="0">
   <subfield code="a">Leaks (Disclosure of information)</subfield>
   <subfield code="z">Great Britain.</subfield>
  </datafield>
  <datafield tag="650" ind1=" " ind2="0">
   <subfield code="a">Leaks (Disclosure of information)</subfield>
   <subfield code="v">Cases</subfield>
   <subfield code="z">Great Britain.</subfield>
  </datafield>
  <datafield tag="650" ind1=" " ind2="0">
   <subfield code="a">Whistle blowing</subfield>
   <subfield code="x">Law and legislation</subfield>
   <subfield code="z">Great Britain.</subfield>
  </datafield>
  <datafield tag="650" ind1=" " ind2="0">
   <subfield code="a">Whistle blowing</subfield>
   <subfield code="x">Law and legislation</subfield>
   <subfield code="v">Cases</subfield>
   <subfield code="z">Great Britain.</subfield>
  </datafield>
  <datafield tag="650" ind1=" " ind2="0">
   <subfield code="a">Leaks (Disclosure of information)</subfield>
  </datafield>
  <datafield tag="650" ind1=" " ind2="0">
   <subfield code="a">Whistle blowing</subfield>
   <subfield code="x">Law and legislation.</subfield>
  </datafield>
  <datafield tag="905" ind1=" " ind2=" ">
   <subfield code="a">FO</subfield>
  </datafield>
  <datafield tag="852" ind1="0" ind2=" ">
   <subfield code="a">UPD</subfield>
   <subfield code="b">DLAW</subfield>
   <subfield code="h">KD 3110</subfield>
   <subfield code="i">S28 2016</subfield>
  </datafield>
  <datafield tag="942" ind1=" " ind2=" ">
   <subfield code="a">Book</subfield>
  </datafield>
 </record>
</collection>
